Top down : why hierarchies are here to stay and how to manage them more effectively
Αποθηκεύτηκε σε:
| Κύριος συγγραφέας: | |
|---|---|
| Μορφή: | Βιβλίο |
| Γλώσσα: | English |
| Δημοσίευση: |
Boston :
Harvard Business School Press,
c2005.
|
| Θέματα: | |
| Ετικέτες: |
Προσθήκη ετικέτας
Δεν υπάρχουν, Καταχωρήστε ετικέτα πρώτοι!
|
MARC
| LEADER | 00000cam a2200000 i 4500 | ||
|---|---|---|---|
| 001 | 1/40392 | ||
| 008 | 140121s2005 mau| ||| |||| ||eng|| | ||
| 020 | |a 1591394988 | ||
| 035 | |l 10116378 | ||
| 040 | |a GR-MyUa |b gre |e AACR2 | ||
| 041 | 0 | |a eng | |
| 082 | 7 | |a 658.4 |2 (22) | |
| 100 | 1 | |a Leavitt, Harold J. | |
| 245 | 1 | 0 | |a Top down : |b why hierarchies are here to stay and how to manage them more effectively / |c Harold J. Leavitt. |
| 260 | |a Boston : |b Harvard Business School Press, |c c2005. | ||
| 300 | |a xii, 189 σ. ; |c 24 εκ. | ||
| 504 | |a Βιβλιογραφία: σ. 177-182. Ευρετήριο. | ||
| 650 | 0 | |a Management. | |
| 650 | 0 | |a Hierarchies. | |
| 650 | 0 | |a Executive ability. | |
| 650 | 0 | |a Employee empowerment. | |
| 650 | 0 | |a Organizational effectiveness. | |
| 852 | |a INST |b SYROS |e 20140121 |h 658.4 LEA |p 005500011262 |q 005500011262 |t BK |y 0 | ||
| 901 | |a BIBL5-2013-1 | ||
| 970 | |a Κοντού |b Παρασκευή |z 21/01/2014 | ||